000 01112nam a2200289 a 4500
001 BRCA_107
005 20190320202900.0
008 920225s1988 mx-a---##b---s000-0#spa-#
020 _a9688421685
040 _aDLC
_cDLC
_dDLC
050 4 _aF1221.Z6
_b.C67 1988
100 1 _aCordry, Donald Bush
_9413
245 1 0 _aTrajes y tejidos de los indios zoques de Chiapas, México
_cDonald B. y Dorothy M. Cordry ; traducción Andrés Fábregas Puig.
260 _a[Tuxtla Gutiérrez] México
_bGobierno del Estado de Chiapas
260 _aMéxico
_bMiguel Angel Porrúa
_c1988
300 _a178 p.
_bil.
_c21 cm.
500 _aTraducción de: Costumes and weaving of the Zoque Indians of Chiapas, Mexico.
504 _aBibliografía: p. 173-176
650 1 4 _aIndígenas zoque
_xIndumentaria
_9414
650 1 4 _aFábricas textiles zoque
_9415
650 1 4 _aIndígenas zoque
_xVida social y costumbres
_9416
651 4 _aChiapas (México)
_xVida social y costumbres
_9417
653 0 _aTextiles - Chiapas
700 1 _aCordry, Dorothy M.
_ecoaut.
_9418
700 1 _aFábregas Puig, Andrés
_etr.
_9419
942 _2lcc
_cB
999 _c92
_d92